<?xml version="1.0" encoding="UTF-8"?>
<record
    xmlns:xsi="http://www.w3.org/2001/XMLSchema-instance"
    xsi:schemaLocation="http://www.loc.gov/MARC21/slim http://www.loc.gov/standards/marcxml/schema/MARC21slim.xsd"
    xmlns="http://www.loc.gov/MARC21/slim">

  <leader>00361nam a2200133   4500</leader>
  <controlfield tag="005">20240326152215.0</controlfield>
  <controlfield tag="008">240326b        |||||||| |||| 00| 0 eng d</controlfield>
  <datafield tag="040" ind1=" " ind2=" ">
    <subfield code="c">IIA Library</subfield>
  </datafield>
  <datafield tag="245" ind1=" " ind2=" ">
    <subfield code="a">Cambridge observations (Bound Volume)</subfield>
  </datafield>
  <datafield tag="260" ind1=" " ind2=" ">
    <subfield code="a">Cambridge</subfield>
    <subfield code="b">Cambridge University Press</subfield>
  </datafield>
  <datafield tag="650" ind1=" " ind2=" ">
    <subfield code="a">Astronomy</subfield>
    <subfield code="9">80</subfield>
  </datafield>
  <datafield tag="650" ind1=" " ind2=" ">
    <subfield code="a">Observations</subfield>
    <subfield code="9">977</subfield>
  </datafield>
  <datafield tag="942" ind1=" " ind2=" ">
    <subfield code="2">ddc</subfield>
    <subfield code="c">BV</subfield>
  </datafield>
  <datafield tag="999" ind1=" " ind2=" ">
    <subfield code="c">36049</subfield>
    <subfield code="d">36049</subfield>
  </datafield>
  <datafield tag="952" ind1=" " ind2=" ">
    <subfield code="0">0</subfield>
    <subfield code="1">0</subfield>
    <subfield code="2">ddc</subfield>
    <subfield code="4">0</subfield>
    <subfield code="7">0</subfield>
    <subfield code="a">BAN</subfield>
    <subfield code="b">KOD</subfield>
    <subfield code="c">GEN</subfield>
    <subfield code="d">1828-01-01</subfield>
    <subfield code="h">v. 1-2 1828</subfield>
    <subfield code="i">20C</subfield>
    <subfield code="l">0</subfield>
    <subfield code="p">J3729</subfield>
    <subfield code="r">2024-03-26</subfield>
    <subfield code="y">BV</subfield>
  </datafield>
  <datafield tag="952" ind1=" " ind2=" ">
    <subfield code="0">0</subfield>
    <subfield code="1">0</subfield>
    <subfield code="2">ddc</subfield>
    <subfield code="4">0</subfield>
    <subfield code="7">0</subfield>
    <subfield code="a">BAN</subfield>
    <subfield code="b">KOD</subfield>
    <subfield code="c">GEN</subfield>
    <subfield code="d">1830-01-01</subfield>
    <subfield code="h">v. 3-4 1830-1831</subfield>
    <subfield code="i">20C</subfield>
    <subfield code="l">0</subfield>
    <subfield code="p">J3730</subfield>
    <subfield code="r">2024-03-26</subfield>
    <subfield code="y">BV</subfield>
  </datafield>
  <datafield tag="952" ind1=" " ind2=" ">
    <subfield code="0">0</subfield>
    <subfield code="1">0</subfield>
    <subfield code="2">ddc</subfield>
    <subfield code="4">0</subfield>
    <subfield code="7">0</subfield>
    <subfield code="a">BAN</subfield>
    <subfield code="b">KOD</subfield>
    <subfield code="c">GEN</subfield>
    <subfield code="d">1832-01-02</subfield>
    <subfield code="h">v. 5-6 1832-1833</subfield>
    <subfield code="i">20C</subfield>
    <subfield code="l">0</subfield>
    <subfield code="p">J3731</subfield>
    <subfield code="r">2024-03-26</subfield>
    <subfield code="y">BV</subfield>
  </datafield>
  <datafield tag="952" ind1=" " ind2=" ">
    <subfield code="0">0</subfield>
    <subfield code="1">0</subfield>
    <subfield code="2">ddc</subfield>
    <subfield code="4">0</subfield>
    <subfield code="7">0</subfield>
    <subfield code="a">BAN</subfield>
    <subfield code="b">KOD</subfield>
    <subfield code="c">GEN</subfield>
    <subfield code="d">1834-01-01</subfield>
    <subfield code="h">v. 7-8 1834-1835</subfield>
    <subfield code="i">20C</subfield>
    <subfield code="l">0</subfield>
    <subfield code="p">J3732</subfield>
    <subfield code="r">2024-03-26</subfield>
    <subfield code="y">BV</subfield>
  </datafield>
  <datafield tag="952" ind1=" " ind2=" ">
    <subfield code="0">0</subfield>
    <subfield code="1">0</subfield>
    <subfield code="2">ddc</subfield>
    <subfield code="4">0</subfield>
    <subfield code="7">0</subfield>
    <subfield code="a">BAN</subfield>
    <subfield code="b">KOD</subfield>
    <subfield code="c">GEN</subfield>
    <subfield code="d">1836-01-01</subfield>
    <subfield code="h">v. 9-10 1836-1837</subfield>
    <subfield code="i">20C</subfield>
    <subfield code="l">0</subfield>
    <subfield code="p">J3733</subfield>
    <subfield code="r">2024-03-26</subfield>
    <subfield code="y">BV</subfield>
  </datafield>
  <datafield tag="952" ind1=" " ind2=" ">
    <subfield code="0">0</subfield>
    <subfield code="1">0</subfield>
    <subfield code="2">ddc</subfield>
    <subfield code="4">0</subfield>
    <subfield code="7">0</subfield>
    <subfield code="a">BAN</subfield>
    <subfield code="b">KOD</subfield>
    <subfield code="c">GEN</subfield>
    <subfield code="d">1840-01-01</subfield>
    <subfield code="h">v. 11-12 1840</subfield>
    <subfield code="i">20C</subfield>
    <subfield code="l">0</subfield>
    <subfield code="p">J3734</subfield>
    <subfield code="r">2024-03-26</subfield>
    <subfield code="y">BV</subfield>
  </datafield>
  <datafield tag="952" ind1=" " ind2=" ">
    <subfield code="0">0</subfield>
    <subfield code="1">0</subfield>
    <subfield code="2">ddc</subfield>
    <subfield code="4">0</subfield>
    <subfield code="7">0</subfield>
    <subfield code="a">BAN</subfield>
    <subfield code="b">KOD</subfield>
    <subfield code="c">GEN</subfield>
    <subfield code="d">1844-01-01</subfield>
    <subfield code="h">v. 13-14 1844</subfield>
    <subfield code="i">20C</subfield>
    <subfield code="l">0</subfield>
    <subfield code="p">J3735</subfield>
    <subfield code="r">2024-03-26</subfield>
    <subfield code="y">BV</subfield>
  </datafield>
  <datafield tag="952" ind1=" " ind2=" ">
    <subfield code="0">0</subfield>
    <subfield code="1">0</subfield>
    <subfield code="2">ddc</subfield>
    <subfield code="4">0</subfield>
    <subfield code="7">0</subfield>
    <subfield code="a">BAN</subfield>
    <subfield code="b">KOD</subfield>
    <subfield code="c">GEN</subfield>
    <subfield code="d">1848-01-03</subfield>
    <subfield code="h">v. 15-16 1848</subfield>
    <subfield code="i">20C</subfield>
    <subfield code="l">0</subfield>
    <subfield code="p">J3736</subfield>
    <subfield code="r">2024-03-26</subfield>
    <subfield code="y">BV</subfield>
  </datafield>
  <datafield tag="952" ind1=" " ind2=" ">
    <subfield code="0">0</subfield>
    <subfield code="1">0</subfield>
    <subfield code="2">ddc</subfield>
    <subfield code="4">0</subfield>
    <subfield code="7">0</subfield>
    <subfield code="a">BAN</subfield>
    <subfield code="b">KOD</subfield>
    <subfield code="c">GEN</subfield>
    <subfield code="d">1854-01-02</subfield>
    <subfield code="h">v. 17 1854</subfield>
    <subfield code="i">20C</subfield>
    <subfield code="l">0</subfield>
    <subfield code="p">J3737</subfield>
    <subfield code="r">2024-03-26</subfield>
    <subfield code="y">BV</subfield>
  </datafield>
  <datafield tag="952" ind1=" " ind2=" ">
    <subfield code="0">0</subfield>
    <subfield code="1">0</subfield>
    <subfield code="2">ddc</subfield>
    <subfield code="4">0</subfield>
    <subfield code="7">0</subfield>
    <subfield code="a">BAN</subfield>
    <subfield code="b">KOD</subfield>
    <subfield code="c">GEN</subfield>
    <subfield code="d">1857-01-01</subfield>
    <subfield code="h">v. 18 1857</subfield>
    <subfield code="i">20C</subfield>
    <subfield code="l">0</subfield>
    <subfield code="p">J3738</subfield>
    <subfield code="r">2024-03-26</subfield>
    <subfield code="y">BV</subfield>
  </datafield>
</record>
